[Event "12th EUR-ch"]
[Site "Aix-les-Bains FRA"]
[Date "2011.03.28"]
[Round "7.76"]
[White "Stefansson, Hannes"]
[Black "Battaglini, Gabriel"]
[Result "1-0"]
[WhiteElo "2557"]
[BlackElo "2413"]
[EventDate "2011.03.22"]
[PlyCount "63"]

1.e4 e6 2.d4 d5 3.Nc3 Nf6 4.e5 Nfd7 5.f4 c5 6.Nf3 Nc6 7.Be3 Qb6 8.Na4 Qa5+
9.c3 cxd4 10.b4 Nxb4 11.cxb4 Bxb4+ 12.Bd2 Bxd2+ 13.Nxd2 O-O 14.Bd3 b5 15.
Nb2 Nb6 16.O-O Nc4 17.Nbxc4 bxc4 18.Bxh7+ Kxh7 19.Qh5+ Kg8 20.Nf3 f6 21.
exf6 Qc7 22.fxg7 Qxg7 23.Ne5 Rf5 24.Qd1 Rb8 25.Qxd4 Qc7 26.Kh1 c3 27.Rac1 
c2 28.Qd3 Rb2 29.Qg3+ Kh8 30.Qa3 Rb6 31.Qa4 Qc3 32.Qxa7 1-0

[Event "12th EUR-ch"]
[Site "Aix-les-Bains FRA"]
[Date "2011.03.28"]
[Round "7.77"]
[White "Zude, Erik"]
[Black "Sedlak, Nikola"]
[Result "0-1"]
[WhiteElo "2409"]
[BlackElo "2556"]
[EventDate "2011.03.22"]
[PlyCount "66"]

1.d4 Nf6 2.c4 g6 3.Nc3 d5 4.cxd5 Nxd5 5.e4 Nxc3 6.bxc3 Bg7 7.Bc4 c5 8.Ne2 
O-O 9.O-O Nc6 10.Be3 Qc7 11.Rc1 Rd8 12.Bf4 Qd7 13.dxc5 Qe8 14.Bd5 Ne5 15.
Qb3 e6 16.Bxe5 Bxe5 17.f4 Bc7 18.Bxb7 Rb8 19.c6 Bxb7 20.cxb7 Qc6 21.Qc2 
Rxb7 22.e5 Bb6+ 23.Kh1 Rbd7 24.Ng3 Rd2 25.Qe4 Qc7 26.Qa4 Qb7 27.Ne4 Re2 
28.Rce1 Rdd2 29.Qb4 Kg7 30.Rg1 Bxg1 31.Qxb7 Rxe1 32.h4 Be3+ 33.Kh2 Bxf4+ 
0-1

[Event "12th EUR-ch"]
[Site "Aix-les-Bains FRA"]
[Date "2011.03.28"]
[Round "7.78"]
[White "Shimanov, Aleksandr"]
[Black "Olivier, Jean-Christophe"]
[Result "1-0"]
[WhiteElo "2550"]
[BlackElo "2401"]
[EventDate "2011.03.22"]
[PlyCount "63"]

1.Nf3 c5 2.e3 d5 3.d4 e6 4.b3 Nc6 5.Bb2 Nf6 6.Bd3 Be7 7.O-O O-O 8.Ne5 Nxe5
9.dxe5 Nd7 10.Nd2 Re8 11.c4 Bf8 12.f4 g6 13.cxd5 exd5 14.Qf3 Bg7 15.Rac1 
Rb8 16.e4 d4 17.Nc4 b5 18.Nd6 a6 19.Ba3 Bf8 20.Nxe8 Qxe8 21.Rfd1 Bb7 22.
Bb1 Rc8 23.b4 cxb4 24.Rxc8 Qxc8 25.Bb2 Bc5 26.Bxd4 Bxd4+ 27.Rxd4 Qc5 28.
Qe3 Nf8 29.Kf2 Kg7 30.Rd6 Qc7 31.f5 f6 32.exf6+ 1-0

[Event "12th EUR-ch"]
[Site "Aix-les-Bains FRA"]
[Date "2011.03.28"]
[Round "7.79"]
[White "Kreisl, Robert"]
[Black "Mastrovasilis, Athanasios"]
[Result "1/2-1/2"]
[WhiteElo "2394"]
[BlackElo "2547"]
[EventDate "2011.03.22"]
[PlyCount "117"]

1.c4 f5 2.g3 Nf6 3.Nf3 g6 4.b3 Bg7 5.Bb2 O-O 6.Bg2 d6 7.d4 Ne4 8.Nbd2 Nc6 
9.O-O e5 10.dxe5 Nxd2 11.Qxd2 dxe5 12.Qd5+ Kh8 13.Qxd8 Rxd8 14.Rad1 Rxd1 
15.Rxd1 e4 16.Bxg7+ Kxg7 17.Nd4 Nxd4 18.Rxd4 Be6 19.f3 Kf6 20.fxe4 Ke5 21.
Rd1 f4 22.gxf4+ Kxf4 23.e5 c6 24.Rd4+ Kxe5 25.Re4+ Kf6 26.Rf4+ Ke5 27.Re4+
Kf6 28.Rf4+ Kg5 29.Re4 Re8 30.c5 Bd7 31.Ra4 a6 32.Rd4 Bg4 33.Rb4 Bc8 34.
Kf2 Re5 35.Rc4 a5 36.a3 Be6 37.Rc3 Bd5 38.Bh3 Kf4 39.e3+ Kg5 40.Rd3 Kf6 
41.Bc8 Re8 42.Bxb7 Ke5 43.e4 Bxe4 44.Rd6 Rf8+ 45.Kg1 Rf3 46.Bxc6 Bxc6 47.
Rxc6 Rxb3 48.Rc7 Rxa3 49.Rxh7 Rc3 50.Rg7 a4 51.Rxg6 a3 52.Ra6 Kd5 53.c6 
Kc4 54.c7 Kb3 55.Rb6+ Kc2 56.Ra6 Kb2 57.Rb6+ Kc2 58.Ra6 Kb2 59.Rb6+ 
1/2-1/2

[Event "12th EUR-ch"]
[Site "Aix-les-Bains FRA"]
[Date "2011.03.28"]
[Round "7.80"]
[White "Manolache, Marius"]
[Black "Diermair, Andreas"]
[Result "1-0"]
[WhiteElo "2546"]
[BlackElo "2386"]
[EventDate "2011.03.22"]
[PlyCount "73"]

1.d4 d5 2.c4 c6 3.Nf3 Nf6 4.e3 Bf5 5.Qb3 Qc7 6.cxd5 cxd5 7.Nc3 e6 8.Bd2 
Nc6 9.Ne5 a6 10.Rc1 Bd6 11.Be2 O-O 12.f4 Nd7 13.g4 Bxe5 14.gxf5 Bxd4 15.
exd4 Nxd4 16.Qa4 Nxf5 17.Nxd5 Qd8 18.Ne3 Qh4+ 19.Kd1 Ng3 20.Re1 Nxe2 21.
Rxe2 b5 22.Qd4 Rfd8 23.Rc6 e5 24.Nf5 Qg4 25.Qe4 Nc5 26.Nh6+ gxh6 27.Qg2 
Qxg2 28.Rxg2+ Kf8 29.Rxc5 exf4 30.Rf5 Rd4 31.Rxf4 Rad8 32.Kc2 Rc8+ 33.Kb3 
Rd3+ 34.Bc3 Rc7 35.a3 Rc6 36.Rgf2 Rc7 37.Ka2 1-0

[Event "12th EUR-ch"]
[Site "Aix-les-Bains FRA"]
[Date "2011.03.28"]
[Round "7.81"]
[White "Mazur, Stefan"]
[Black "Markos, Jan"]
[Result "0-1"]
[WhiteElo "2388"]
[BlackElo "2546"]
[EventDate "2011.03.22"]
[PlyCount "60"]

1.e4 Nf6 2.e5 Nd5 3.d4 d6 4.c4 Nb6 5.exd6 cxd6 6.d5 e6 7.Nc3 Be7 8.Bd3 O-O
9.Nge2 exd5 10.cxd5 N8d7 11.h3 Ne5 12.Bc2 Bg5 13.f4 Bh4+ 14.g3 Nec4 15.Qd3
g6 16.Nd4 Re8+ 17.Kd1 Re3 18.gxh4 Rxd3+ 19.Bxd3 Qxh4 20.Ne4 Bg4+ 21.Kc2 
Rc8 22.Kb3 f5 23.Nc3 Qf2 24.Ne6 Qf3 25.Rd1 Qxh3 26.Bc2 Bxd1 27.Bxd1 Nxd5 
28.Ng5 Qd3 29.Be2 Na5+ 30.Ka3 Rxc3+ 0-1

[Event "12th EUR-ch"]
[Site "Aix-les-Bains FRA"]
[Date "2011.03.28"]
[Round "7.82"]
[White "Raznikov, Danny"]
[Black "Antal, Gergely"]
[Result "1-0"]
[WhiteElo "2384"]
[BlackElo "2545"]
[EventDate "2011.03.22"]
[PlyCount "63"]

1.d4 f5 2.Nf3 Nf6 3.g3 g6 4.Bg2 Bg7 5.O-O O-O 6.b3 a5 7.c4 a4 8.b4 d5 9.c5
Ne4 10.Na3 Nc6 11.b5 Na5 12.Bf4 Be6 13.Be5 Nc4 14.Bxg7 Kxg7 15.Qc1 Ra5 16.
Rb1 Qe8 17.b6 cxb6 18.Nxc4 dxc4 19.Rxb6 Bd5 20.Ng5 Rb5 21.Bxe4 fxe4 22.
Ne6+ Bxe6 23.Rxe6 Qf7 24.Rxe4 b6 25.Qg5 Re8 26.Qe5+ Qf6 27.Qd5 Qf5 28.Qc6 
Rb2 29.Rf4 Qc8 30.Qd5 Rxe2 31.Qf7+ Kh8 32.Rh4 1-0

[Event "12th EUR-ch"]
[Site "Aix-les-Bains FRA"]
[Date "2011.03.28"]
[Round "7.83"]
[White "Miedema, David"]
[Black "Pridorozhni, Aleksei"]
[Result "0-1"]
[WhiteElo "2380"]
[BlackElo "2542"]
[EventDate "2011.03.22"]
[PlyCount "60"]

1.d4 d6 2.c4 e5 3.d5 Be7 4.Nc3 Bg5 5.e3 Nd7 6.Nf3 Bh6 7.g4 Nc5 8.Rg1 g6 9.
Qc2 a5 10.Bd2 Bg7 11.O-O-O Nh6 12.g5 Nf5 13.h4 h5 14.Ne4 Nxe4 15.Qxe4 Ng3 
16.Qc2 Nxf1 17.Rdxf1 c6 18.Bc3 cxd5 19.Rd1 O-O 20.Rxd5 Be6 21.Rd2 Qc7 22.
b3 Rac8 23.Kb2 a4 24.e4 b5 25.Qd3 axb3 26.a3 bxc4 27.Qxd6 Qb7 28.Re1 Rc6 
29.Qb4 Qa8 30.Rd6 Rxd6 0-1

[Event "12th EUR-ch"]
[Site "Aix-les-Bains FRA"]
[Date "2011.03.28"]
[Round "7.84"]
[White "Sanikidze, Tornike"]
[Black "Hagen, Andreas Skytte"]
[Result "1-0"]
[WhiteElo "2542"]
[BlackElo "2290"]
[EventDate "2011.03.22"]
[PlyCount "59"]

1.d4 Nf6 2.c4 g6 3.Nc3 d5 4.Nf3 Bg7 5.Qa4+ Bd7 6.Qb3 dxc4 7.Qxc4 a6 8.Bf4 
b5 9.Qc5 O-O 10.e3 Bc6 11.Be2 Nfd7 12.Qg5 b4 13.Nd1 Bb7 14.Rc1 c5 15.dxc5 
e5 16.Qxd8 Rxd8 17.Bg3 Nc6 18.O-O Bf8 19.b3 f6 20.Nd2 Nxc5 21.Nc4 Kg7 22.
Ndb2 Re8 23.f3 Rad8 24.Rfd1 Bc8 25.Be1 Bb7 26.Nb6 Be7 27.Nd5 Bf8 28.Nc7 
Re7 29.Rxd8 Rxc7 30.Rxf8 1-0

[Event "12th EUR-ch"]
[Site "Aix-les-Bains FRA"]
[Date "2011.03.28"]
[Round "7.85"]
[White "Gritsak, Orest"]
[Black "Deleva, Michael"]
[Result "1-0"]
[WhiteElo "2539"]
[BlackElo "2236"]
[EventDate "2011.03.22"]
[PlyCount "26"]

1.c4 c6 2.Nf3 d5 3.e3 Nf6 4.Nc3 a6 5.b3 Bf5 6.Be2 e6 7.Nh4 Bg6 8.Bb2 Bd6 
9.O-O Ne4 10.g3 Nxc3 11.Bxc3 O-O 12.Nxg6 hxg6 13.Qc2 Qe7 1-0

[Event "12th EUR-ch"]
[Site "Aix-les-Bains FRA"]
[Date "2011.03.28"]
[Round "7.86"]
[White "Serban, Vlad"]
[Black "Alsina Leal, Daniel"]
[Result "0-1"]
[WhiteElo "2287"]
[BlackElo "2538"]
[EventDate "2011.03.22"]
[PlyCount "54"]

1.e4 c5 2.Nf3 d6 3.d4 cxd4 4.Nxd4 Nf6 5.Nc3 a6 6.Be3 e5 7.Nb3 Be6 8.Qd2 
Nbd7 9.f3 Be7 10.g4 O-O 11.O-O-O b5 12.Kb1 b4 13.Nd5 Bxd5 14.exd5 Nb6 15.
Bxb6 Qxb6 16.Bd3 a5 17.Be4 Rfc8 18.Qd3 Nxe4 19.fxe4 Rc7 20.h4 Rcc8 21.Rc1 
a4 22.Nd2 a3 23.Qb3 axb2 24.Qxb2 Qa7 25.Rh3 Rc3 26.Rd3 Bxh4 27.Ka1 Bg5 0-1

[Event "12th EUR-ch"]
[Site "Aix-les-Bains FRA"]
[Date "2011.03.28"]
[Round "7.87"]
[White "Nevednichy, Vladislav"]
[Black "Rindlisbacher, Jan"]
[Result "1-0"]
[WhiteElo "2534"]
[BlackElo "2198"]
[EventDate "2011.03.22"]
[PlyCount "57"]

1.e4 e5 2.Nf3 Nc6 3.Bc4 Bc5 4.d3 Nf6 5.Bb3 a6 6.h3 Ba7 7.O-O h6 8.c3 d6 9.
Nbd2 O-O 10.Re1 Re8 11.Nf1 Be6 12.Bc2 d5 13.Qe2 b5 14.N3h2 Qd7 15.Qf3 Rad8
16.Bxh6 dxe4 17.dxe4 gxh6 18.Qxf6 Bxh3 19.Rad1 Qe6 20.Qf3 Kh8 21.gxh3 Rg8+
22.Kh1 Qg6 23.Ne3 Bxe3 24.fxe3 Rxd1 25.Rxd1 Nd8 26.Ng4 Ne6 27.Nxe5 Qg3 28.
Nxf7+ Kh7 29.e5+ 1-0

[Event "12th EUR-ch"]
[Site "Aix-les-Bains FRA"]
[Date "2011.03.28"]
[Round "7.88"]
[White "Doros, Radu-Marian"]
[Black "Petrik, Tomas"]
[Result "1-0"]
[WhiteElo "2278"]
[BlackElo "2536"]
[EventDate "2011.03.22"]
[PlyCount "83"]

1.d4 e6 2.c4 Nf6 3.g3 c5 4.d5 exd5 5.cxd5 d6 6.Nc3 g6 7.Bg2 Bg7 8.Nf3 O-O 
9.O-O a6 10.a4 Nbd7 11.Re1 Rb8 12.e4 b5 13.axb5 axb5 14.Bf1 b4 15.Nb1 Nb6 
16.Nbd2 Bg4 17.h3 Bxf3 18.Nxf3 Re8 19.Qc2 b3 20.Qb1 Qd7 21.Bf4 Nh5 22.Bd2 
Na4 23.g4 Nf6 24.Ra3 h6 25.Re3 Nxg4 26.hxg4 Qxg4+ 27.Bg2 Nxb2 28.Rexb3 
Rxb3 29.Rxb3 Nc4 30.Bc3 Bxc3 31.Rxc3 Qxe4 32.Qc1 Ne5 33.Nxe5 Qd4 34.Nc6 
Qg4 35.Re3 Ra8 36.Qe1 Kg7 37.Qc3+ Kg8 38.Qf6 Qd1+ 39.Kh2 Rf8 40.Ne7+ Kh7 
41.Nxg6 Qh5+ 42.Nh4 1-0

[Event "12th EUR-ch"]
[Site "Aix-les-Bains FRA"]
[Date "2011.03.28"]
[Round "7.89"]
[White "Tkachiev, Vladislav"]
[Black "Roeder, Matthias"]
[Result "1-0"]
[WhiteElo "2646"]
[BlackElo "2414"]
[EventDate "2011.03.22"]
[PlyCount "92"]

1.d4 Nf6 2.c4 g6 3.g3 Bg7 4.Bg2 O-O 5.Nc3 d6 6.Nf3 c6 7.O-O Qa5 8.e4 e5 9.
h3 Nbd7 10.Qc2 exd4 11.Nxd4 Nb6 12.Nce2 Qh5 13.Be3 Re8 14.Rad1 Qe5 15.Rfe1
Bd7 16.b3 Rad8 17.Nc3 Bc8 18.f4 Qe7 19.Bf2 Nfd7 20.Nf3 Qf6 21.Bd4 Qe7 22.
Bxg7 Kxg7 23.Qf2 Kg8 24.Kh2 a5 25.Rd2 Nc5 26.Red1 Be6 27.Rd4 Rd7 28.R4d2 
f6 29.Nd4 Bf7 30.g4 Nc8 31.Nde2 g5 32.Ng3 gxf4 33.Qxf4 Qe5 34.Qxe5 Rxe5 
35.Rf1 Re6 36.Nce2 Bg6 37.Nd4 Re5 38.Rxf6 Rf7 39.Rxf7 Kxf7 40.Ndf5 Bxf5 
41.exf5 Re3 42.g5 Ne7 43.Rxd6 Rxg3 44.Rf6+ Kg7 45.Kxg3 Nd7 46.Re6 Nxf5+ 
1-0

[Event "12th EUR-ch"]
[Site "Aix-les-Bains FRA"]
[Date "2011.03.28"]
[Round "7.90"]
[White "Kozul, Zdenko"]
[Black "Benitah, Yohan"]
[Result "1-0"]
[WhiteElo "2568"]
[BlackElo "2401"]
[EventDate "2011.03.22"]
[PlyCount "65"]

1.d4 d5 2.c4 c6 3.Nc3 Nf6 4.e3 Bf5 5.f3 e6 6.g4 Bg6 7.h4 h6 8.h5 Bh7 9.Bd3
Bxd3 10.Qxd3 Nbd7 11.Nge2 a6 12.Bd2 dxc4 13.Qxc4 c5 14.Qb3 cxd4 15.exd4 
Qb6 16.Qc2 Qc6 17.O-O-O Rc8 18.Nf4 Nb6 19.Kb1 Bd6 20.Nxe6 fxe6 21.Qg6+ Kd7
22.g5 hxg5 23.h6 Be7 24.d5 Nbxd5 25.Bxg5 Rxh6 26.Rxh6 gxh6 27.Bxf6 Bxf6 
28.Qxf6 b5 29.Qxh6 Rc7 30.Qg6 Qd6 31.Ne4 Qe5 32.Nf6+ Kc8 33.Nxd5 1-0

[Event "12th EUR-ch"]
[Site "Aix-les-Bains FRA"]
[Date "2011.03.28"]
[Round "7.91"]
[White "Grandelius, Nils"]
[Black "Dragomirescu, Robin-Alexandru"]
[Result "1-0"]
[WhiteElo "2547"]
[BlackElo "2385"]
[EventDate "2011.03.22"]
[PlyCount "43"]

1.d4 d5 2.c4 c6 3.Nf3 e6 4.e3 Nf6 5.b3 Nbd7 6.Bb2 Bd6 7.Bd3 b6 8.O-O Bb7 
9.Ne5 O-O 10.Nd2 Rc8 11.Qf3 Qe7 12.Qh3 h6 13.Rad1 Rfd8 14.f4 c5 15.cxd5 
Nxd5 16.Ndc4 Bb8 17.f5 Nxe5 18.dxe5 exf5 19.Bxf5 Rc6 20.e4 Nb4 21.Rxd8+ 
Qxd8 22.e6 1-0

[Event "12th EUR-ch"]
[Site "Aix-les-Bains FRA"]
[Date "2011.03.28"]
[Round "7.92"]
[White "Yakovich, Yuri"]
[Black "Kadric, Denis"]
[Result "1/2-1/2"]
[WhiteElo "2546"]
[BlackElo "2379"]
[EventDate "2011.03.22"]
[PlyCount "45"]

1.c4 Nf6 2.Nc3 d5 3.cxd5 Nxd5 4.g3 g6 5.Bg2 Nb6 6.d3 Bg7 7.Be3 Nc6 8.Nf3 
O-O 9.O-O e5 10.b4 Nd4 11.a4 c6 12.a5 Nxf3+ 13.Bxf3 Nd5 14.Nxd5 cxd5 15.
Rc1 Bh3 16.Re1 Qd7 17.Rc5 Be6 18.Qc2 Rfc8 19.Rc1 Bf8 20.Rxc8 Rxc8 21.Qxc8 
Qxc8 22.Rxc8 Bxc8 23.Bxa7 1/2-1/2

[Event "12th EUR-ch"]
[Site "Aix-les-Bains FRA"]
[Date "2011.03.28"]
[Round "7.93"]
[White "Gozzoli, Yannick"]
[Black "Stella, Andrea"]
[Result "1/2-1/2"]
[WhiteElo "2543"]
[BlackElo "2364"]
[EventDate "2011.03.22"]
[PlyCount "46"]

1.d4 Nf6 2.c4 g6 3.Nc3 d5 4.Nf3 Bg7 5.cxd5 Nxd5 6.e4 Nxc3 7.bxc3 c5 8.Rb1 
O-O 9.Be2 cxd4 10.cxd4 Qa5+ 11.Bd2 Qxa2 12.O-O b6 13.Qc1 Qe6 14.Bc4 Qxe4 
15.Re1 Qb7 16.Bb4 Be6 17.Rxe6 fxe6 18.Ng5 Nc6 19.Nxe6 Kh8 20.Bc3 Bf6 21.
Qh6 Rf7 22.Nc5 Qc8 23.Bxf7 Qf5 1/2-1/2

[Event "12th EUR-ch"]
[Site "Aix-les-Bains FRA"]
[Date "2011.03.28"]
[Round "7.94"]
[White "Le Roux, Jean-Pierre"]
[Black "Sarbok, Torsten"]
[Result "1-0"]
[WhiteElo "2538"]
[BlackElo "2347"]
[EventDate "2011.03.22"]
[PlyCount "79"]

1.d4 d5 2.c4 dxc4 3.Nf3 Nf6 4.e3 Bg4 5.Bxc4 e6 6.Nc3 Be7 7.h3 Bxf3 8.Qxf3 
c6 9.O-O O-O 10.Rd1 Nbd7 11.e4 Rc8 12.Bb3 Qa5 13.Bd2 Qh5 14.g4 Qh4 15.Qg2 
e5 16.f4 exf4 17.Bxf4 Ne8 18.Rf1 Bg5 19.e5 Nc7 20.Bxg5 Qxg5 21.Ne4 Qe3+ 
22.Kh1 Nd5 23.Nd6 Rb8 24.Nf5 Qg5 25.Bxd5 cxd5 26.Qxd5 Nb6 27.Qf3 Qd8 28.
Rf2 Qd7 29.Nd6 Nc8 30.Nf5 Ne7 31.d5 Ng6 32.Re1 Rfe8 33.Rfe2 Rbd8 34.e6 
fxe6 35.dxe6 Qd3 36.Qxd3 Rxd3 37.Rc2 h5 38.Rc7 hxg4 39.hxg4 Kh8 40.Rxb7 
1-0

[Event "12th EUR-ch"]
[Site "Aix-les-Bains FRA"]
[Date "2011.03.28"]
[Round "7.95"]
[White "Apicella, Manuel"]
[Black "Nuri, Kambez"]
[Result "1-0"]
[WhiteElo "2531"]
[BlackElo "2314"]
[EventDate "2011.03.22"]
[PlyCount "59"]

1.e4 c5 2.Nf3 Nc6 3.d4 cxd4 4.Nxd4 Nf6 5.Nc3 d6 6.Be2 e5 7.Nf3 h6 8.O-O 
Be7 9.Re1 O-O 10.b3 a6 11.Bb2 b5 12.a3 Bb7 13.Bf1 Rc8 14.Qd2 Rc7 15.a4 b4 
16.Nd5 Nxd5 17.exd5 Nb8 18.a5 Nd7 19.Bc4 Qa8 20.Red1 Nf6 21.Ne1 Rfc8 22.
Ra4 Bd8 23.Qxb4 Rc5 24.Nd3 Nxd5 25.Bxd5 Bxd5 26.Nxc5 Rxc5 27.Qd2 Bxg2 28.
Qxd6 Bc7 29.Qxc5 Qf3 30.Rd3 1-0

[Event "12th EUR-ch"]
[Site "Aix-les-Bains FRA"]
[Date "2011.03.28"]
[Round "7.96"]
[White "Poetsch, Hagen"]
[Black "Conquest, Stuart"]
[Result "0-1"]
[WhiteElo "2415"]
[BlackElo "2529"]
[EventDate "2011.03.22"]
[PlyCount "158"]

1.e4 e5 2.Nf3 d6 3.d4 exd4 4.Nxd4 Nf6 5.Nc3 Be7 6.g3 O-O 7.Bg2 Re8 8.O-O 
Bf8 9.Bf4 Nbd7 10.Re1 Ne5 11.h3 c6 12.Qe2 Qb6 13.Nb3 Qc7 14.a4 h6 15.Be3 
Bd7 16.f4 Ng6 17.Qf2 b6 18.Bd4 Nh7 19.h4 Rab8 20.Nd2 Be7 21.Nc4 Nf6 22.Ne3
Ne5 23.Nf5 Bxf5 24.exf5 Neg4 25.Qf3 d5 26.h5 Qd7 27.Bh3 Qxf5 28.Rxe7 Rxe7 
29.Bxf6 Qxf6 30.Bxg4 Rbe8 31.Qf2 d4 32.Ne2 c5 33.Rd1 Qc6 34.b3 Re3 35.Rd3 
Qe4 36.Rxe3 dxe3 37.Qe1 Qxc2 38.Qc3 Qe4 39.Qc4 Qxc4 40.bxc4 Re4 41.Bd7 
Rxc4 42.Kg2 Rb4 43.Kf3 Rb3 44.Bb5 Ra3 45.g4 Kf8 46.g5 Ke7 47.Ke4 a6 48.Bc6
Rb3 49.Ng3 Kd6 50.Be8 Ke7 51.Bc6 Kf8 52.gxh6 gxh6 53.Bb7 Ra3 54.Bc6 Kg8 
55.Bd7 Rb3 56.Bc8 Ra3 57.Bd7 c4 58.Bc6 c3 59.Kd3 Kg7 60.Nf5+ Kf6 61.Nd4 
Ra2 62.Kxe3 Rh2 63.Kd3 Rxh5 64.Kxc3 Rh4 65.Bb7 Rxf4 66.Bxa6 h5 67.Kd3 Ke5 
68.Nc6+ Kd5 69.Bb7 Kc5 70.Ne5 h4 71.Nd7+ Kd6 72.Nxb6 h3 73.Nc4+ Kc5 74.Ne5
h2 75.a5 f5 76.Nd7+ Kb5 77.a6 Re4 78.a7 h1=Q 79.Ba6+ Kb4 0-1

[Event "12th EUR-ch"]
[Site "Aix-les-Bains FRA"]
[Date "2011.03.28"]
[Round "7.97"]
[White "Milliet, Sophie"]
[Black "Pavlov, Sergey"]
[Result "1/2-1/2"]
[WhiteElo "2369"]
[BlackElo "2526"]
[EventDate "2011.03.22"]
[PlyCount "144"]

1.e4 c5 2.Nf3 e6 3.d4 cxd4 4.Nxd4 Nf6 5.Nc3 Nc6 6.Be2 Bb4 7.O-O Bxc3 8.
bxc3 Nxe4 9.Qd3 d5 10.Ba3 Qa5 11.Nb5 a6 12.Nd6+ Nxd6 13.Bxd6 f6 14.c4 Kf7 
15.Rad1 d4 16.c5 b5 17.a4 b4 18.Qb3 Ra7 19.Bc4 Qd8 20.Rfe1 Re8 21.Qh3 Kg8 
22.f4 Kh8 23.Bxe6 Bxe6 24.Rxe6 Rxe6 25.Qxe6 Qd7 26.Qe4 Ra8 27.Re1 Rc8 28.
h3 h6 29.Kh2 Qf7 30.Re2 b3 31.cxb3 Qxb3 32.Qf5 Rg8 33.Qg6 Qd5 34.Rb2 d3 
35.Rd2 Nb4 36.f5 a5 37.Bf4 Rc8 38.Rd1 Qxc5 39.Re1 Qf8 40.Re4 Nd5 41.Bd2 
Qd6+ 42.Kh1 Ne7 43.Qh5 Ng8 44.Qf7 Rb8 45.Re1 Rb2 46.Re8 Rb1+ 47.Be1 Rxe1+ 
48.Rxe1 Qf4 49.Qd5 Qxa4 50.Qxd3 Qf4 51.Ra1 Qe5 52.Ra2 Kh7 53.g4 Ne7 54.Re2
Qa1+ 55.Kg2 Nc6 56.Qd5 Ne5 57.Ra2 Qe1 58.Qxa5 Qe4+ 59.Kh2 Qf4+ 60.Kg2 Qf3+
61.Kh2 Nd3 62.Qa3 Qf4+ 63.Kg2 Qe4+ 64.Kh2 Qe5+ 65.Kg2 Nf4+ 66.Kf2 Nd3+ 67.
Qxd3 Qh2+ 68.Ke3 Qxa2 69.Kf4 h5 70.Kg3 Qa1 71.Qe3 Qh1 72.Qe8 hxg4 1/2-1/2

[Event "12th EUR-ch"]
[Site "Aix-les-Bains FRA"]
[Date "2011.03.28"]
[Round "7.98"]
[White "Serov, Maksim"]
[Black "Guliyev, Namig"]
[Result "0-1"]
[WhiteElo "2352"]
[BlackElo "2522"]
[EventDate "2011.03.22"]
[PlyCount "80"]

1.d4 d5 2.Nf3 Nf6 3.g3 c6 4.Bg2 Bf5 5.O-O Nbd7 6.b3 e6 7.c4 Be7 8.Nc3 h6 
9.Nd2 O-O 10.e4 dxe4 11.Ndxe4 Nxe4 12.Nxe4 Nf6 13.Nc3 Qa5 14.Bd2 Bb4 15.
Qc1 Ba3 16.Na4 Qxa4 17.bxa4 Bxc1 18.Raxc1 Rfd8 19.Be3 Be4 20.f3 Bg6 21.Bf2
Rd7 22.Rfe1 Rad8 23.a5 Ne8 24.f4 Nc7 25.Re2 a6 26.h3 Ne8 27.g4 Rc8 28.Rc3 
Nd6 29.Bf3 f6 30.Kg2 Bf7 31.Rec2 f5 32.g5 hxg5 33.fxg5 f4 34.Re2 Nf5 35.
Re4 Rcd8 36.Rd3 Nd6 37.Rxf4 Nxc4 38.Rc3 c5 39.Rxf7 Kxf7 40.Rxc4 Re8 0-1

[Event "12th EUR-ch"]
[Site "Aix-les-Bains FRA"]
[Date "2011.03.28"]
[Round "7.99"]
[White "Maevsky, Nikolay"]
[Black "Fargere, Francois"]
[Result "1/2-1/2"]
[WhiteElo "2342"]
[BlackElo "2520"]
[EventDate "2011.03.22"]
[PlyCount "86"]

1.e4 c5 2.Nf3 d6 3.d4 cxd4 4.Nxd4 Nf6 5.Nc3 a6 6.Be2 e5 7.Nb3 Be7 8.Bg5 
Be6 9.Bxf6 Bxf6 10.Qd3 O-O 11.O-O-O Qb6 12.Rhf1 Nc6 13.Nd5 Bxd5 14.Qxd5 
Rad8 15.Kb1 Ne7 16.Qa5 Qc6 17.Bf3 b5 18.Rd3 Rc8 19.Qd2 Bg5 20.Qe2 f5 21.
Rfd1 d5 22.Rc3 Qf6 23.Rxc8 Rxc8 24.exf5 e4 25.Bg4 Rc4 26.g3 Qb6 27.f3 Bf6 
28.fxe4 Rxe4 29.Qf3 Re3 30.Qf2 d4 31.Qg2 Qc6 32.Qxc6 Nxc6 33.Bh5 a5 34.Nc1
Ne7 35.Be2 b4 36.Bc4+ Kf8 37.Rf1 Re5 38.Bd3 Nd5 39.Nb3 Ne3 40.Re1 Rd5 41.
Be4 Re5 42.Bd3 Rd5 43.Be4 Re5 1/2-1/2

[Event "12th EUR-ch"]
[Site "Aix-les-Bains FRA"]
[Date "2011.03.28"]
[Round "7.100"]
[White "Jansa, Vlastimil"]
[Black "Ptacnikova, Lenka"]
[Result "1-0"]
[WhiteElo "2513"]
[BlackElo "2307"]
[EventDate "2011.03.22"]
[PlyCount "50"]

1.e4 c5 2.Nf3 e6 3.Nc3 a6 4.d4 cxd4 5.Nxd4 Qc7 6.Bd3 Nf6 7.O-O Bc5 8.Nb3 
Be7 9.Qe2 d6 10.f4 Nc6 11.Bd2 b5 12.Rae1 b4 13.Nd1 Nd7 14.Ne3 O-O 15.Qf3 
Re8 16.e5 g6 17.Ng4 Bb7 18.Qh3 h5 19.Nh6+ Kg7 20.Nxf7 Rf8 21.exd6 Bxd6 22.
Nxd6 Qxd6 23.Qg3 Ne7 24.Qg5 Bc6 25.Rxe6 Qd5 1-0

[Event "12th EUR-ch"]
[Site "Aix-les-Bains FRA"]
[Date "2011.03.28"]
[Round "7.101"]
[White "Prie, Eric"]
[Black "Tate, Alan"]
[Result "0-1"]
[WhiteElo "2508"]
[BlackElo "2300"]
[EventDate "2011.03.22"]
[PlyCount "59"]

1.d4 Nf6 2.Bf4 g6 3.Nc3 c5 4.dxc5 Qa5 5.Qd2 Nc6 6.e4 Bg7 7.Bd3 Qxc5 8.Nf3 
d6 9.h3 O-O 10.O-O a6 11.Rfe1 Be6 12.a3 Qa5 13.Rad1 Rac8 14.Qc1 b5 15.Bf1 
b4 16.axb4 Nxb4 17.Qd2 Qb6 18.Bg5 Rfd8 19.Be3 Qb7 20.Ng5 Bd7 21.Kh2 Qb8 
22.Bd4 e5 23.Be3 Be8 24.Qc1 h6 25.Nf3 Kh7 26.Kg1 Bd7 27.Rd2 Bc6 28.Red1 
Nxe4 29.Nxe4 Bxe4 30.c3 0-1

[Event "12th EUR-ch"]
[Site "Aix-les-Bains FRA"]
[Date "2011.03.28"]
[Round "7.102"]
[White "Bukavshin, Ivan"]
[Black "Rasch, Holger"]
[Result "1-0"]
[WhiteElo "2501"]
[BlackElo "2288"]
[EventDate "2011.03.22"]
[PlyCount "87"]

1.d4 Nf6 2.c4 c5 3.d5 e6 4.Nf3 exd5 5.cxd5 d6 6.e4 g6 7.h3 Bg7 8.Bd3 O-O 
9.O-O a6 10.a4 b6 11.Nbd2 Bb7 12.Re1 Nbd7 13.Nc4 Ne8 14.Bf4 Qc7 15.Qb3 Kh8
16.Bh2 f6 17.Nfd2 Rb8 18.Ne3 Bc8 19.Bf1 Qb7 20.Rec1 b5 21.axb5 axb5 22.Ra5
c4 23.Qb4 Ne5 24.b3 f5 25.exf5 gxf5 26.bxc4 f4 27.Ng4 bxc4 28.Qxb7 Bxb7 
29.Nxe5 Bxe5 30.Nxc4 Bd4 31.Rb1 Nc7 32.Nxd6 Bxd5 33.Rxb8 Rxb8 34.Bxf4 Rb1 
35.Nf5 Bc4 36.Nxd4 Rxf1+ 37.Kh2 Ne6 38.Be5+ Kg8 39.Nf5 Bd3 40.Ra8+ Kf7 41.
Nd6+ Ke7 42.Ra7+ Kf8 43.Rf7+ Kg8 44.Re7 1-0

[Event "12th EUR-ch"]
[Site "Aix-les-Bains FRA"]
[Date "2011.03.28"]
[Round "7.103"]
[White "Flear, Glenn Curtis"]
[Black "Renaze, Luc"]
[Result "1-0"]
[WhiteElo "2498"]
[BlackElo "2286"]
[EventDate "2011.03.22"]
[PlyCount "57"]

1.d4 d5 2.c4 e6 3.Nc3 Bb4 4.a3 Bxc3+ 5.bxc3 Nf6 6.e3 O-O 7.cxd5 Qxd5 8.c4 
Qd8 9.Bd3 c5 10.Nf3 Nbd7 11.O-O Qc7 12.Bb2 cxd4 13.exd4 b6 14.Re1 Bb7 15.
Ne5 Nxe5 16.Rxe5 Rfd8 17.Qe2 h6 18.Re1 Qc6 19.f4 Rac8 20.f5 exf5 21.d5 
Qc5+ 22.Kh1 Ba6 23.Rxf5 Re8 24.Re5 Rxe5 25.Bxe5 Bxc4 26.Bxf6 Bxd3 27.Qxd3 
gxf6 28.d6 Qe5 29.Qd1 1-0

[Event "12th EUR-ch"]
[Site "Aix-les-Bains FRA"]
[Date "2011.03.28"]
[Round "7.104"]
[White "Buchal, Stephan"]
[Black "Stern, Rene"]
[Result "0-1"]
[WhiteElo "2337"]
[BlackElo "2497"]
[EventDate "2011.03.22"]
[PlyCount "102"]

1.g3 d5 2.Bg2 e5 3.c4 d4 4.d3 c5 5.Nf3 Nc6 6.O-O Bd6 7.e3 Nge7 8.exd4 cxd4
9.a3 a5 10.Re1 O-O 11.c5 Bc7 12.Nbd2 Ng6 13.Nc4 f6 14.Bd2 Be6 15.Qc2 a4 
16.Rab1 Na5 17.Bxa5 Bxa5 18.Re2 Qd7 19.b4 axb3 20.Rxb3 Bc3 21.Nb6 Bxb3 22.
Qxb3+ Qf7 23.Qxf7+ Kxf7 24.Nxa8 Rxa8 25.Nd2 Rxa3 26.Bxb7 Bxd2 27.Rxd2 Ne7 
28.f4 exf4 29.gxf4 Rc3 30.Ba6 Rxc5 31.Re2 Ng6 32.Bc4+ Kf8 33.Ra2 Rc7 34.
Kf2 Nxf4 35.Kf3 Nh3 36.Ke4 Rd7 37.Bb5 Ng5+ 38.Kf4 Rb7 39.Bc4 g6 40.Ra8+ 
Ke7 41.Rh8 Ra7 42.h4 Ne6+ 43.Ke4 Kd6 44.Bxe6 Kxe6 45.Kxd4 Ra4+ 46.Kc5 Rxh4
47.d4 Rh5+ 48.Kc6 Rd5 49.Re8+ Kf7 50.Re4 f5 51.Rh4 Ke6 0-1

[Event "12th EUR-ch"]
[Site "Aix-les-Bains FRA"]
[Date "2011.03.28"]
[Round "7.105"]
[White "Getz, Nicolai"]
[Black "Djukic, Nikola"]
[Result "1-0"]
[WhiteElo "2333"]
[BlackElo "2494"]
[EventDate "2011.03.22"]
[PlyCount "119"]

1.e4 d5 2.exd5 Qxd5 3.Nc3 Qd8 4.d4 Nf6 5.Bc4 a6 6.Nf3 b5 7.Bb3 c5 8.a4 c4 
9.Ba2 Qb6 10.Ne5 e6 11.O-O Bb7 12.Be3 Nbd7 13.d5 Bc5 14.Nxd7 Nxd7 15.dxe6 
fxe6 16.Qh5+ g6 17.Bxc5 Nxc5 18.Qh6 O-O-O 19.axb5 axb5 20.Ne2 Ne4 21.Ng3 
Nxg3 22.hxg3 Qc6 23.f3 Qc5+ 24.Kh1 Rd5 25.g4 Rhd8 26.b3 Rd2 27.bxc4 Qe5 
28.Qh2 Qc3 29.Rab1 bxc4 30.Qf4 Qd4 31.Qf7 Bd5 32.Rb4 Rd1 33.Rxd1 Qxd1+ 34.
Kh2 Qd2 35.Qe7 Qh6+ 36.Kg3 g5 37.Kf2 Qh4+ 38.Ke2 Qg3 39.Kf1 Qf4 40.Qc5+ 
Kd7 41.Bxc4 Qc1+ 42.Kf2 Qd2+ 43.Be2 Rc8 44.Qb5+ Ke7 45.c4 Qd4+ 46.Kf1 Rc5 
47.Qa4 Rc7 48.Qa3 Bc6 49.Rb7+ Kd7 50.Rxc7+ Kxc7 51.Qe7+ Bd7 52.Qxg5 e5 53.
Qc1 h5 54.gxh5 Qh4 55.Qe3 Qxh5 56.Kg1 Qf5 57.Bd3 Qf6 58.Be4 Qd6 59.c5 Qa6 
60.Qc3 1-0